000
00250nam a2200109Ia 4500
008
220204s9999 xx 000 0 und d
082
_a
82-3
_b
HAS
100
_a
Hastings
245
3
_a
An act of love
260
_a
London
_b
Silhouette
_c
1983
942
_c
BK
999
_c
37887
_d
37887